Recent developments in theoretical and experimental fluid mechanisms: Compressible and incompressible flows (Record no. 31923)

MARC details
000 -LEADER
fixed length control field 00382nam a2200121Ia 4500
082 ## - DEWEY DECIMAL CLASSIFICATION NUMBER
Classification number 532
Item number MUL
245 #0 - TITLE STATEMENT
Title Recent developments in theoretical and experimental fluid mechanisms: Compressible and incompressible flows
260 ## - PUBLICATION, DISTRIBUTION, ETC. (IMPRINT)
Place of publication New York
Name of publisher Springer Verlag
Year of publication 1979
650 ## - SUBJECT ADDED ENTRY--TOPICAL TERM
Topical Term Fluid mechanics
700 ## - ADDED ENTRY--PERSONAL NAME
Personal name Muller, U
942 ## - ADDED ENTRY ELEMENTS (KOHA)
Koha item type Books
Holdings
Withdrawn status Lost status Damaged status Not for loan Home library Current library Date acquired Cost, normal purchase price Full call number Accession Number Koha item type
        RRII Library RRII Library 16/12/2021 88.00 532 MUL 12455 Books